000 00614nam a22001937a 4500
999 _c11954
_d11954
003 AR-CdUCM
008 190405b ||||| |||| 00| 0 spa d
040 _aMUNICIPALIDAD PROVINCIAL DEL CUSCO
_cBIBLIOTECA MUNICIPAL DEL CUSCO
082 _a848.87 /
_bV52
100 _aVerlaine, Paul
_928351
245 _aObras completas /
260 _aMadrid :
_bEdit. Mundo Latino,
_c1921
300 _a248 paginas ;
_c19 cm.
505 _aContenido :Luisa Lecrero, memorias de un viudo, prosas traducidas por E. Puche /
650 _aConfesiones
_914956
650 _aPoemas
_9929
942 _2ddc
_cLIBROS
945 _arjall